000 01208cam a22003374a 4500
999 _c3618
_d3618
001 14361183
003 GZU
005 20201202153549.0
008 060502s2006 dcua b 000 0 eng
010 _a 2006046424
020 _a0821366475
020 _a9780821366479
040 _aDLC
_cDLC
_dDLC
042 _apcc
050 0 0 _aHD6300
_b.DIA 2006
082 0 0 _a331.6/2
_222
245 0 0 _aDiaspora networks and the international migration of skills :
_bhow countries can draw on their talent abroad /
_cedited by Yevgeny Kuznetsov.
260 _aWashington, DC :
_bWorld Bank,
_cc2006.
300 _axi, 237 p. :
_bill. ;
_c27 cm.
440 0 _aWBI development studies
504 _aIncludes bibliographical references.
650 0 _aForeign workers.
650 0 _aHuman capital.
650 0 _aBrain drain.
650 0 _aEmployment in foreign countries.
650 0 _aEmigration and immigration
_xEconomic aspects.
700 1 _aKuznetsov, Yevgeny
_q(Yevgeny N.),
_d1964-
906 _a7
_bcbc
_corignew
_d1
_eocip
_f20
_gy-gencatlg
942 _2lcc
_cBK
_h6300
_iDIA
_kHD